| 000 | 00759nam a2200241Ia 4500 | ||
|---|---|---|---|
| 003 | GCL | ||
| 005 | 20240530105316.0 | ||
| 008 | 140319s9999 xx 000 0 ara d | ||
| 040 |
_aGCL / _cGCL |
||
| 082 | 0 | 4 |
_a327.11/ _bغ ح |
| 100 | 1 | _aغروبارد، ستيفن | |
| 245 | 1 | 0 |
_aحرب السيد بوش : _b مغامرات فى سياسات الوهم / _cستيفين غروبارد |
| 260 |
_a[S.N] : _bالاهلية للنشر والتوزيع ، _c1992 |
||
| 300 | _a208 ص | ||
| 650 | 0 | 4 | _aالكويت |
| 650 | 0 | 4 | _aالعراق |
| 650 | 0 | 4 | _aالشرق الاوسط |
| 650 | 0 | 4 | _aحرب الخليج |
| 700 | 1 | _aغروبارد ستيفن | |
| 700 | 1 | _aخالد ايوب | |
| 700 | 1 | _aعبدالرحيم الندا | |
| 942 |
_2ddc _cBK |
||
| 999 |
_c54802 _d54802 |
||